Click the Element on the Periodic Table - Statistics

General Stats
  • This quiz has been taken 4,973 times
  • The average score is 52 of 118
Answers on the Map
Answers color-coded by a green-red scale on the quiz's map according to % correct below.
 
Answer Stats
Answer % Correct
Lithium
59%
Aluminium
58%
Carbon
58%
Helium
57%
Hydrogen
57%
Neon
57%
Oxygen
57%
Argon
56%
Boron
56%
Calcium
56%
Chlorine
56%
Iodine
56%
Krypton
56%
Nitrogen
56%
Xenon
56%
Fluorine
55%
Gold
55%
Iron
55%
Magnesium
55%
Nickel
55%
Potassium
55%
Sulfur
55%
Uranium
55%
Zinc
55%
Cobalt
54%
Phosphorus
54%
Sodium
54%
Beryllium
53%
Silicon
53%
Bromine
52%
Copper
52%
Silver
52%
Manganese
51%
Chromium
50%
Gallium
50%
Lead
50%
Osmium
50%
Germanium
49%
Titanium
49%
Vanadium
49%
Americium
48%
Barium
48%
Iridium
48%
Yttrium
48%
Zirconium
48%
Francium
47%
Platinum
47%
Radium
47%
Arsenic
46%
Einsteinium
46%
Scandium
46%
Bismuth
45%
Mercury
45%
Oganesson
45%
Polonium
45%
Radon
45%
Selenium
45%
Cadmium
44%
Europium
44%
Indium
44%
Neptunium
44%
Caesium
43%
Hafnium
43%
Rhodium
42%
Tungsten
42%
Ytterbium
42%
Californium
41%
Dubnium
41%
Lanthanum
41%
Tin
41%
Actinium
40%
Berkelium
40%
Erbium
40%
Livermorium
40%
Lutetium
40%
Mendelevium
40%
Rubidium
40%
Strontium
40%
Nihonium
39%
Plutonium
39%
Cerium
38%
Darmstadtium
38%
Dysprosium
38%
Hassium
38%
Holmium
38%
Nobelium
38%
Rutherfordium
38%
Bohrium
37%
Flerovium
37%
Lawrencium
37%
Molybdenum
37%
Moscovium
37%
Roentgenium
37%
Ruthenium
37%
Samarium
37%
Astatine
36%
Fermium
36%
Neodymium
36%
Gadolinium
35%
Meitnerium
35%
Palladium
35%
Seaborgium
35%
Tennessine
35%
Thorium
35%
Curium
34%
Niobium
34%
Tantalum
34%
Technetium
34%
Antimony
33%
Tellurium
33%
Copernicium
32%
Praseodymium
31%
Terbium
30%
Promethium
28%
Thallium
28%
Rhenium
25%
Thulium
24%
Protactinium
23%
No matching quizzes found
Score Distribution
Percent of People with Each Score
Percentile by Number Answered
Your Score History
You have not taken this quiz